Logo BPK

Biblioteka

Politechniki Koszalińskiej

Instructional techniques in higher education / (Rekord nr 47249)

Szczegóły MARC
000 -ETYKIETA REKORDU
podpole kontrolne o stałej długości 00739nam a2200229 i 4500
001 - NUMER KONTROLNY REKORDU
pole kontrolne bgj
020 ## - MIĘDZYNARODOWY ZNORMALIZOWANY NUMER KSIĄŻKI - ISBN
ISBN 0877781265 (hbk, jacket)
040 ## - ŹRÓDŁO KATALOGOWANIA
Instytucja, która utworzyła rekord BPK
041 0# - KOD JĘZYKA
Kod języka tekstu eng
920 ## - Międzynarodowy znormalizowany numer książki – ISBN
ISBN 0-87778-126-5 (hbk, jacket)
008 - POLE O STAŁEJ DŁUGOŚCI - DANE KONTROLNE
podpole kontrolne o stałej długości s uk f |000 0 eng
100 1# - NAZWA OSOBOWA
Nazwa osobowa KOZMA, Robert B.
245 10 - TYTUŁ/ODPOWIEDZIALNOŚĆ
Tytuł Instructional techniques in higher education /
Pozostałe elementy strefy tytułu i oznaczenia odpowiedzialności Robert B. Kozma ; Lawrence W. Belle ; George W. Williams.
250 ## - STREFA WYDANIA
Oznaczenie wydania [2nd print.].
260 ## - STREFA ADRESU WYDAWNICZEGO
Miejsce wydania Englewood Cliffs, NJ :
Nazwa wydawcy/dystrybutora Educational Technology Publications,
Data publikacji, dystrybucji/powstania dokumentu 1979.
300 ## - STREFA OPISU FIZYCZNEGO
Objętość XIV, 419 pp :
Inne cechy fizyczne figures ;
Rozmiary 25 cm.
500 ## - UWAGI OGÓLNE
Tekst uwagi 1st publ. 1978.
504 ## - UWAGA DOTYCZĄCA BIBLIOGRAFII
Informacje o bibliografii Bibliography p. 375-401.
505 ## - SFORMALIZOWANA UWAGA DOTYCZĄCA ZAWARTOŚCI
Pełny tekst uwagi Includes glossary and indexes.
650 #9 - HASŁO PRZEDMIOTOWE W FORMIE NAZWY OGÓLNEJ LUB JEDNOSTKOWEJ
Nazwa ogólna lub geograficzna College teaching
856 ## - LOKALIZACJA I DOSTĘP DO ELEKTRONICZNYCH DOKUMENTÓW ZDALNYCH
Link (URL) http://koha.tu.koszalin.pl/cgi-bin/koha/opac-detail.pl?biblionumber=47249
Tekst linku Katalog online BPK
942 ## - DODATKOWE ELEMENTY (KOHA)
Typ dokumentu Książka
Egzemplarze
Wycofany Status egzemplarza Uszkodzony Dostępność Lokalizacja stała Lokalizacja bieżąca Miejsce przechowywania Sygnatura Kod kreskowy Typ dokumentu
      Tylko na miejscu Biblioteka Politechniki Koszalińskiej Biblioteka Politechniki Koszalińskiej Czytelnia Wydziałowa ul. Kwiatkowskiego 6e KA 2626 09011526 Książka
© 2023 Biblioteka Politechniki Koszalińskiej :: KOHA